000 00212nam a22000857a 4500
008 170202b xxu||||| |||| 00| 0 eng d
100 _92742
_aAggarwal.M.L.
245 _aMathematics-QB-X
260 _aNew Delhi
_bAPC
_c2010
999 _c5918
_d5918